Comics of the New Europe reflections and intersections

Bibliographic Details
Other Authors: Kuhlman, Marta (Editor), Alaniz, José, 1968- (Editor)
Format: Book
Language:English
PhysicalDescription:289 strán ilustrácie 23 cm
Published: Leuven Leuven University Press 2020
ISBN:9789462702127
Series:Studies in European Comics and Graphic Novels
Subjects:

MARC

LEADER 00000cam a2200000 4500
001 vtls012068597
003 SK-MaSNL
005 20260426000936.0
008 210914s2020 be a frn 001 0 eng
020 |a 9789462702127  |q (brožované) 
040 |a SNK  |b slo  |c SNK  |e rda 
041 0 |a eng 
043 |a ee----- 
044 |a be  |c BE 
072 7 |a 82  |x Literatúra. Literárny život  |2 konspekt 
080 |a 82-312.5:741/744  |2 2011 
080 |a (4‑11)  |2 2011 
080 |a (082)  |2 2011 
080 |a (048.8)  |2 2011 
245 0 0 |a Comics of the New Europe  |b reflections and intersections  |c edited by Martha Kuhlman & José Alaniz 
264 1 |a Leuven  |b Leuven University Press  |c 2020 
300 |a 289 strán  |b ilustrácie  |c 23 cm 
336 |a text  |b txt  |2 rdacontent 
337 |a bez média  |b n  |2 rdamedia 
338 |a zväzok  |b nc  |2 rdacarrier 
490 1 |a Studies in European Comics and Graphic Novels  |v 7 
504 |a Obsahuje bibliografie ; register 
650 0 7 |a komiks  |2 SNKPH  |9 71684 
650 0 7 |a kreslené príbehy  |2 SNKPH  |9 83544 
650 0 7 |a Comics  |2 SNKPHeng  |9 265784 
651 7 |a Európa východná  |2 SNKPHgeo  |9 167635 
651 7 |a Europe, Eastern  |2 SNKPHeng  |9 229905 
655 7 |a zborníky  |2 SNKPH  |9 70165 
655 7 |a štúdie  |2 SNKPH  |9 57033 
655 7 |a Papers of several authors  |2 SNKPHeng  |9 153738 
655 7 |a Studies  |2 SNKPHeng  |9 265573 
700 1 |a Kuhlman, Marta  |4 edt  |9 211379 
700 1 |a Alaniz, José,  |d 1968-  |4 edt  |9 212698 
830 0 |a Studies in European Comics and Graphic Novels  |9 567220 
919 |a 978 94 6270 212 7 
958 |a ZS 
958 |a NB 
958 |a LX 
999 |c 869887  |d 871817 
952 |a SNK  |b SNK  |y PREZ  |7 0  |p 17A1458279  |o snkSC 194085  |i snk2021/12504  |8 3  |g 84.54  |0 0  |1 0  |4 0  |d 2021-09-14  |f 1  |l 0  |r 2025-10-10 00:00:00  |w 2026-02-24